[Event "Your Next Move GCT 2018-Blitz"]
[Site "Leuven"]
[Date "2018.06.16"]
[Round "18"]
[White "Nakamura, Hikaru"]
[Black "So, Wesley"]
[Result "1-0"]
[WhiteElo "2878"]
[BlackElo "2856"]
[Annotator "TA"]
[PlyCount "127"]
[EventDate "2018.06.16"]
[EventType "tourn"]
[EventCountry "BEL"]
[SourceTitle "playchess.com"]
[Source "ChessBase"]
[SourceQuality "1"]

{[%evp 11,127,40,54,41,53,52,57,50,55,30,42,47,46,58,50,42,72,72,85,77,62,75,102,62,103,77,84,31,58,0,40,0,81,82,87,56,54,52,57,55,51,45,60,49,86,70,94,87,124,135,119,0,60,61,112,116,108,116,206,220,224,227,239,209,211,129,112,0,207,168,202,146,218,171,181,48,41,0,0,0,39,0,0,-271,-262,-29979,195,237,331,316,756,316,389,150,136,141,297,238,383,316,351,351,1338,1102,1660,537,524,381,356,245,247,238,238,238,878,862,850,821]} 1. Nf3 Nf6 2. b3 g6 3. Bb2 Bg7 4. e3 O-O 5. d4 c5 6. dxc5 {A48: Königsindisch (ohne c2-c4)} (6. d5 b5 7. Be2 Qa5+ 8. c3 Bb7 9. a4 Nxd5 10. axb5 Qb6 11. O-O a6 12. bxa6 Nxa6 13. Qc2 Nab4 {½-½ (84) Nakamura,H (2785)-Grischuk,A (2761) Paris 2017}) 6... Qa5+ {LiveBook: 5 Partien} 7. c3 Qxc5 8. Ba3 {Weiß steht etwas besser.} Qc7 9. Bxe7 Re8 $146 ({Vorgänger:} 9... Ne4 10. Bxf8 Bxc3+ 11. Nxc3 Qxc3+ 12. Nd2 Nxd2 13. Rc1 {1-0 (13) Bellon Lopez,J (2403)-Moreno Alberti,M (1941) Huelva 2012}) 10. Bxf6 Bxf6 11. Nd4 Nc6 12. Be2 d5 13. O-O Ne5 14. Qd2 Bd7 15. Na3 Rac8 16. Rac1 a6 17. Rfd1 Qa5 18. Qb2 Rc7 19. c4 ({Besser ist} 19. b4 $16 Qb6 20. Qb3) 19... Be7 20. Ndc2 (20. Nb1 $1 $14) 20... Bf6 21. Nd4 Be7 22. Nb1 $1 Rec8 {[%cal Rd5c4]} 23. cxd5 Rxc1 24. Rxc1 Rxc1+ 25. Qxc1 Qxa2 26. Nc3 Qa5 $1 27. h3 {f4 ist eine echte Drohung.} Be8 (27... Bb4 $2 28. Ne4 $18) 28. Kh1 Kg7 29. f4 Bb4 30. Nd1 $36 {[%mdl 2048] Schwarz steht unter starkem Druck.} Nd7 31. e4 (31. Qc8 $16 Nf6 32. Qxb7) 31... Bd2 ({Lieber} 31... Nf6 $11) 32. Qb2 $14 {jetzt Sf5+ und aus.} Nf6 (32... Kg8 $1 $14) 33. g3 $16 Kg8 34. Bf3 Bd7 (34... Nd7 $16 35. Kh2 Nc5) 35. Kg2 Bb4 36. Ne2 Be7 {[#]} 37. d6 $1 {[%mdl 512]} Bd8 (37... Bxd6 38. Qxf6) 38. Qc3 {zielt auf Dxa5 ab.} Qa2 {...Sxe4 wäre jetzt gut für Schwarz.} 39. Qb2 (39. Nf2 $16) 39... Qa5 $1 $18 {beabsichtigt ...De1.} 40. Ne3 Bc6 41. e5 Nd5 (41... Bxf3+ $16 42. Kxf3 Nd5) 42. Nxd5 Bxd5 43. Qc3 ({Günstiger ist} 43. Nc3 $18 Bxf3+ 44. Kxf3) 43... Qa2 $14 44. Kf1 Qb1+ 45. Kg2 Qd1 46. Nd4 Bb6 47. Bxd5 $4 {[%mdl 8192]} (47. Kh2 $11 Bxf3 48. Nxf3) 47... Bxd4 $19 48. Qc4 $2 (48. Qc8+ $19 Kg7 49. h4 Bxe5 50. Qc5 (50. fxe5 Qxd5+ 51. Kh2 Qxe5 $11) (50. Qxb7 Qc2+ 51. Kh1 Qd1+ 52. Kh2 Qc2+ 53. Bg2 Bxd6 $14) (50. Bxb7 Qd2+ 51. Kh3 Bxd6 $11)) 48... h5 $4 {[%mdl 8192] [#]} (48... Qd2+ {setzt Matt} 49. Kf3 Bb6 50. Bxf7+ Kg7 51. h4 Qd1+ 52. Kg2 Qg1+ 53. Kf3 Qh1+ 54. Ke2 Qg2+ 55. Kd1 Qg1+ 56. Kd2 Qh2+ 57. Kd1 Qg1+ 58. Kc2 Qf2+ 59. Kb1 Qe1+ 60. Kc2 Qf2+ 61. Kc3 Qe1+ 62. Kb2 Qd2+ 63. Ka3 Qa5+ 64. Kb2 Qd2+ 65. Ka3 Qa5+ 66. Kb2 Qd2+) 49. h4 $1 $18 (49. Bxf7+ $2 Kg7 $17) 49... Qg1+ 50. Kh3 Bf2 $2 (50... Kg7 51. d7 Bb6) 51. Bg2 (51. Qd3 $142 {Weiss droht Dxg6+ und Matt.} Kg7 52. f5) 51... Qd1 {( -> ...Dg4+)} 52. Qc8+ $2 (52. f5 $18 {ist der präzise Gewinnweg.}) 52... Kg7 $16 {[#]} 53. Qc3 $1 Kg8 $2 (53... Bg1 $16 {war angesagt.} 54. Qf3 (54. Bxb7 {wird mattgesetzt.} Qe2 55. e6+ Kh7 56. Qd2 Qxd2 57. Bg2 Qe2 58. exf7 Qg4#) 54... Qc2) 54. Qf3 Qd4 (54... Qc2 $142 55. d7 Qf5+ 56. Kh2 Bxg3+ 57. Kxg3 Qxd7) 55. Qxb7 {Droht Matt per Ld5.} Qd3 {[%csl Gf2][%cal Rd3g3]} 56. Qf3 Qf5+ $2 (56... Qxf3 57. Bxf3 Ba7) 57. Kh2 $18 Bc5 58. Qc3 (58. Qc6 $142 Bb4 59. Qe8+ Kh7 60. d7) 58... Bf2 59. Qd2 Bb6 60. d7 Bd8 61. Qd6 a5 62. Qc6 {Weiss will mit Dc8 Matt setzen.} Kg7 $2 (62... Qe6 63. Qc8 Qb6) 63. Qc8 Bxh4 64. d8=Q {Precision: Weiß = 46%, Schwarz = 37%.} 1-0

[Event "Your Next Move GCT 2018-Blitz"]
[Site "Leuven"]
[Date "2018.06.16"]
[Round "18"]
[White "Vachier-Lagrave, Maxime"]
[Black "Anand, Viswanathan"]
[Result "0-1"]
[WhiteElo "2837"]
[BlackElo "2817"]
[Annotator "TA"]
[PlyCount "110"]
[EventDate "2018.06.16"]
[EventType "tourn"]
[EventCountry "BEL"]
[SourceTitle "playchess.com"]
[Source "ChessBase"]
[SourceQuality "1"]

{[%evp 19,110,48,27,-14,0,0,0,0,0,0,0,0,10,0,70,73,68,75,91,87,89,70,63,39,34,26,213,203,228,123,146,120,136,146,142,137,125,122,116,0,6,-10,-13,-33,15,27,86,-33,-27,-26,-28,-42,-32,-34,-24,-345,-191,-182,-127,-110,-124,-634,-22,-319,-14,-27,0,-140,-135,-135,-112,-125,-114,-208,-162,-260,-156,-174,-170,-485,-493,-518,-578,-571,-550,-545,-531,-571,-533,-758,-724,-1592,-1511]} 1. e4 c6 2. d4 d5 3. e5 Bf5 4. Nf3 e6 5. Be2 Ne7 6. O-O c5 7. c4 Nbc6 8. dxc5 {B12: Caro-Kann: Advance Variation} d4 9. Qb3 Qc7 10. Na3 a6 $1 {LiveBook: 6 Games} 11. Rd1 (11. Qa4 $5 {[%cal Ra3b5]} O-O-O 12. b4 $11) 11... Rd8 12. Nc2 Bxc2 $1 13. Qxc2 {Black should prevent Qa4.} Ng6 $1 14. a3 Bxc5 15. b4 Ba7 $1 {[#]} 16. Qe4 $146 Ngxe5 (16... Ncxe5 $11 17. Nxd4 Nxc4) 17. Bf4 $14 Nxf3+ 18. Bxf3 Qe7 19. b5 $36 {[%mdl 2048] Black is under strong pressure.} axb5 20. cxb5 Na5 $1 21. Rac1 {[%mdl 1024] White has compensation.} Bb6 22. Bd2 $1 f5 $2 (22... O-O $1 $11) 23. Qe1 $1 $18 Ra8 24. Qe5 (24. Bb4 $18 Qd7 25. g4) 24... O-O $16 25. Bb4 Qf6 26. Qd6 e5 27. Bd5+ $1 Kh8 {aiming for ...Qxd6.} 28. Qxf6 $1 Rxf6 29. f3 ({White should play} 29. Rc2 $16) 29... h5 $11 30. Be7 Rh6 31. h4 Bd8 32. Bb4 Bb6 {[#]} (32... Bxh4 $11 33. f4 e4 34. Rxd4 Bd8) 33. Kf1 (33. Re1 $1 $16) 33... Rd8 $15 34. Ba2 e4 35. Bc5 $1 d3 {...e3 is the strong threat.} 36. Kf2 $1 d2 {[#]} 37. Rc3 $2 {[%mdl 8192]} (37. Bxb6 $1 $11 {[%mdl 512]} Rxb6 38. Rc5) 37... Rd3 (37... Rc8 $142 38. Bxb6 Rxc3 39. Bxa5 Rxa3) 38. Rc2 $19 Nb3 (38... Bxc5+ $19 39. Rxc5 e3+ 40. Ke2 Rxa3 41. Rc8+ Kh7) 39. Bxb6 $17 Rxb6 40. a4 $2 {[%mdl 8192]} (40. fxe4 $17 fxe4 41. Kg1) 40... Nd4 $2 (40... e3+ $19 41. Ke2 Nc1+ 42. Rdxc1 dxc1=N+ 43. Rxc1 Rd2+ 44. Kxe3 Rxa2 45. Rc8+ Kh7) 41. Rc8+ $11 Kh7 {Hoping for ...e3+.} 42. Re8 exf3 (42... Rd6 $5 {[%cal Rd4c2]} 43. fxe4 fxe4 44. Rxe4 Kh6 $11) 43. Bb1 (43. Bc4 $11 {remains equal.} Ra3 44. Rxd2) 43... Ra3 $17 44. Rxd2 Rxa4 {Strongly threatening ...fxg2.} 45. gxf3 Rxb5 46. Bd3 (46. Ba2 $17) 46... Rba5 47. Ke3 (47. Bb1 $142) 47... g6 {Threatens to win with ...f4+!} 48. Rb2 b5 49. Rd8 $2 {[#]} (49. Re7+ {is a better chance.} Kh6 50. Rd7) 49... f4+ $1 $19 {Black is clearly winning.} 50. Kf2 (50. Kxf4 Ne6+) 50... Ra2 51. Rxa2 Rxa2+ 52. Kf1 Nxf3 53. Bxb5 Nxh4 54. Bd3 Kh6 55. Rd5 Rd2 {Precision: White = 37%, Black = 53%.} 0-1

[Event "Your Next Move GCT 2018-Blitz"]
[Site "Leuven"]
[Date "2018.06.16"]
[Round "18"]
[White "Caruana, Fabiano"]
[Black "Aronian, Levon"]
[Result "1-0"]
[WhiteElo "2818"]
[BlackElo "2809"]
[Annotator "TA"]
[PlyCount "105"]
[EventDate "2018.06.16"]
[EventType "tourn"]
[EventCountry "BEL"]
[SourceTitle "playchess.com"]
[Source "ChessBase"]
[SourceQuality "1"]

{[%evp 16,105,18,13,27,17,28,18,31,30,35,21,33,23,37,46,68,11,79,60,56,33,75,0,108,91,102,40,43,37,33,36,50,43,65,33,35,30,29,28,29,20,62,35,77,84,79,64,171,164,141,167,166,165,178,187,231,238,259,268,480,463,995,240,631,233,346,180,183,163,321,188,199,206,185,179,488,445,781,820,914,916,918,867,947,928,1623,1498,1543,1362,6578,6270]} 1. d4 Nf6 2. Bf4 g6 3. e3 Bg7 4. Nf3 O-O 5. Be2 c5 6. c3 b6 7. O-O Bb7 8. Nbd2 d6 9. h3 {LiveBook: 338 Games} Na6 {A48: 1 d4 Nf6 2 Nf3 g6: Torre, London and Colle Systems} (9... cxd4 10. exd4 Nbd7 11. Re1 Qc7 12. a4 e5 13. dxe5 dxe5 14. Bh2 a6 15. Bc4 Rae8 16. Ba2 Re7 17. Nc4 Ne4 18. Ne3 Ndf6 19. Qe2 Rfe8 20. Rad1 Nc5 21. Nc4 Nfe4 22. Ne3 Nf6 23. Nc4 Nfe4 24. Ne3 Nf6 {½-½ (24) Stupak,K (2556)-Idani,P (2572) Qinhuangdao 2018}) 10. Bh2 Nc7 11. a4 Ne4 $146 {The position is equal.} ({Predecessor:} 11... Ne6 12. Qb3 Rc8 13. a5 Bd5 14. Qa3 cxd4 15. exd4 bxa5 16. Qxa5 Qxa5 17. Rxa5 {½-½ (84) Feagin,J (2360)-Kunzmann,H (2224) IECG email 2002}) 12. Nxe4 Bxe4 13. Nd2 Bc6 14. b4 {[%cal Bb2b4,Bb4b5][%mdl 32]} Qc8 15. b5 $36 {[%mdl 2048] White has good play.} Bd5 16. a5 ({White should try} 16. Rc1 $14) 16... f5 (16... cxd4 $11 17. exd4 Be6) 17. Re1 Rb8 18. Bf1 Kh8 19. Ra3 (19. c4 $16 Bf7 20. axb6 axb6 21. Bg3) 19... e5 (19... c4 $1 $11 {keeps the balance.}) 20. dxe5 $16 dxe5 21. c4 (21. axb6 $16 axb6 22. e4) 21... Bb7 $14 22. a6 Ba8 $1 23. Rd3 Qe8 24. Nb1 Ne6 25. Rd7 Rd8 26. Rxd8 Qxd8 27. Nc3 Kg8 28. Qc2 Qe7 29. Rd1 f4 30. Nd5 Qf7 31. Bd3 f3 (31... Bf6 $14) 32. Bg3 fxg2 33. h4 Kh8 34. Be4 g5 {...gxh4 is the strong threat.} 35. Kxg2 (35. Bxg2 Qh5 $14) 35... gxh4 36. Bxh4 h6 37. Rh1 Rg8 $2 (37... Qd7 38. Bf6 Bxd5 39. Rxh6+ (39. cxd5 Rxf6 40. dxe6 Qxe6 $11) 39... Kg8 40. Bxd5 Rxf6 41. Rxf6 Bxf6) 38. Kf1 $18 Rf8 {[#]} (38... Re8 $142 39. Bf6 Bxd5) 39. Rh3 $2 (39. Bf6 $1 {[%mdl 512] Threatening mate with Rxh6+.} Bxf6 40. Rxh6+ Kg7 41. Rh7+ Kg8 42. Rxf7 Kxf7 43. Nc3) 39... Qd7 $2 {[#]} (39... Qh5 40. Qe2 Qxe2+ 41. Kxe2 Nc7) 40. Kg2 $2 (40. Bf6 $1 {[%mdl 512] White threatens Rxh6+ and mate.} Rxf6 41. Nxf6) 40... Nc7 {[#]} (40... Bxd5 {is a better defense.} 41. Bxd5 Nc7) 41. Nc3 (41. Bf6 $142 $1 {[%mdl 512] aiming for Rxh6+.} Rf7 (41... Rxf6 42. Nxf6) 42. Kh2 (42. Rxh6+ Kg8 $11)) 41... Qg4+ 42. Bg3 Ne6 $2 (42... Bxe4+ {was necessary.} 43. Qxe4 Rxf2+ 44. Kxf2 Qxh3) 43. Rh4 (43. Bxa8 $142 Rxa8 44. Rh4) 43... Bxe4+ 44. Qxe4 Qxe4+ 45. Rxe4 ({But not} 45. Nxe4 Kh7 $16) 45... Kh7 $2 (45... Ng5 {is a better chance.}) 46. Bxe5 {White is clearly winning.} Ng5 (46... Bxe5 $142 47. Rxe5 Rg8+ 48. Kf3 Re8) 47. Bxg7 Kxg7 {[%mdl 4096] Endgame KRN-KRN} 48. Re7+ Rf7 49. Rb7 Ne6 50. Nd5 h5 51. f4 Nd8 52. Rxf7+ Kxf7 {[#]} 53. Nxb6 $1 {[%mdl 512] Precision: White = 43%, Black = 21%.} 1-0

[Event "Your Next Move GCT 2018-Blitz"]
[Site "Leuven"]
[Date "2018.06.16"]
[Round "18"]
[White "Giri, Anish"]
[Black "Grischuk, Alexander"]
[Result "1/2-1/2"]
[WhiteElo "2799"]
[BlackElo "2831"]
[Annotator "TA"]
[PlyCount "82"]
[EventDate "2018.06.16"]
[EventType "tourn"]
[EventCountry "BEL"]
[SourceTitle "playchess.com"]
[Source "ChessBase"]
[SourceQuality "1"]

{[%evp 19,82,22,14,0,0,0,25,16,27,23,29,22,51,45,77,33,22,33,29,22,25,26,26,23,34,26,55,22,30,0,0,0,0,0,0,-13,-8,-20,0,-17,0,-66,-75,-76,-51,-51,-40,-41,-37,-49,0,-23,0,0,0,0,0,0,0,0,0,0,0,0,0]} 1. e4 e5 2. Nf3 Nc6 3. Bb5 Nf6 4. O-O Nxe4 5. Re1 Nd6 6. Nxe5 Be7 7. Bf1 Nf5 {C67: Ruy Lopez: Berlin Defence: 4 0-0 Nxe4} (7... Nxe5 8. Rxe5 O-O 9. d4 Bf6 10. Re1 Nf5 11. d5 Re8 12. Rxe8+ Qxe8 13. Qd3 d6 14. Nd2 Bg5 15. Nf3 Bxc1 16. Rxc1 Bd7 17. Re1 Qd8 18. Qc4 {1-0 (31) Carlsen,M (2843)-Aronian,L (2764) Stavanger 2018}) 8. Nf3 O-O 9. d4 d5 10. Nc3 Bb4 {LiveBook: 7 Games} 11. Bg5 f6 12. Bc1 $146 ({Predecessor:} 12. Bf4 Nce7 13. Bd2 c6 14. Nb1 Bd6 15. c4 {½-½ (45) Hovhannisyan,R (2591)-Pashikian,A (2578) Yerevan 2018}) 12... Nce7 13. a3 {[%cal Ba2a3,Ba3a4,Ba4a5][%mdl 32]} Bxc3 14. bxc3 Nd6 15. Nd2 Kh8 16. a4 Nef5 17. Ba3 Re8 $1 18. Qf3 Be6 19. Bd3 {next Qh3 is good for White.} Qd7 20. a5 Rad8 21. Qf4 Bf7 22. h4 Ne7 {[%cal Bf5e7,Be7g6,Bg6f4,Bf4e2][%mdl 32]} 23. Bc5 (23. Bxd6 $5 cxd6 24. a6 $11) 23... Bg6 24. Bxa7 Bxd3 $1 25. cxd3 Ng6 26. Qh2 Qf5 {aiming for ...Nf4.} 27. Bc5 Nf4 {[#] Hoping for ...Ne2+.} 28. Bxd6 cxd6 29. Nf3 h5 30. c4 (30. Rxe8+ $11 Rxe8 31. Re1 Rxe1+ 32. Nxe1) 30... Rxe1+ $15 31. Nxe1 (31. Rxe1 $2 Nxd3 32. Re7 dxc4) 31... dxc4 32. dxc4 Ne2+ 33. Kf1 Nxd4 34. Qg3 Qc5 35. Qc3 (35. Qd3 {is interesting.} Nc6 36. Qd5 Ra8 37. Qf7 Kh7 38. Qxb7 Rxa5 39. Rxa5 Nxa5 40. Qf3) 35... Rc8 36. Rb1 {The position is equal.} Qxc4+ 37. Qxc4 Rxc4 38. Rxb7 {[#] Black must now prevent a6.} Ra4 39. Rb6 Ra1 40. Rxd6 Nc2 $1 {[%csl Gc2][%cal Ra1e1]} 41. Re6 Nxe1 {Precision: White = 57%, Black = 61%.} 1/2-1/2

[Event "Your Next Move GCT 2018-Blitz"]
[Site "Leuven"]
[Date "2018.06.16"]
[Round "18"]
[White "Mamedyarov, Shakhriyar"]
[Black "Karjakin, Sergey"]
[Result "1-0"]
[WhiteElo "2757"]
[BlackElo "2816"]
[Annotator "TA"]
[PlyCount "107"]
[EventDate "2018.06.16"]
[EventType "tourn"]
[EventCountry "BEL"]
[SourceTitle "playchess.com"]
[Source "ChessBase"]
[SourceQuality "1"]

{[%evp 18,107,24,19,15,18,19,27,70,60,40,41,35,29,32,28,31,35,48,25,25,33,124,110,125,82,88,60,133,131,131,135,144,122,125,105,171,98,87,27,161,150,254,242,370,122,219,0,0,0,0,0,0,0,0,21,395,393,591,585,589,571,564,562,534,536,556,540,496,407,601,577,1285,646,1352,1282,1189,957,1335,1264,1337,1262,29967,29967,12850,12625,29983,2085,29996,29993,29998,29999]} 1. d4 Nf6 2. c4 e6 3. Nc3 Bb4 4. Qc2 d6 5. Nf3 Nbd7 6. g3 b6 7. Bg2 Bb7 8. O-O Bxc3 9. Qxc3 O-O 10. Rd1 {LiveBook: 9 Games. E32: Nimzo-Indian: Classical (4 Qc2): 4...0-0} Qe8 $146 ({Predecessor:} 10... Qe7 11. b3 Rfd8 12. Bb2 c5 13. Qe3 a5 14. d5 Nf8 15. Nh4 Re8 16. Qg5 h6 17. Qf4 e5 18. Qd2 Bc8 19. Qc2 a4 20. Rab1 axb3 21. axb3 {1-0 (83) Fridman,D (2639)-Bindrich,F (2610) Dresden 2015}) 11. b3 Ne4 12. Qc2 {The position is equal.} Nef6 13. Bb2 Be4 14. Qc3 a5 15. a3 Qe7 16. Bf1 h6 17. Nd2 {[%cal Bf3d2,Bd2f1,Bf1e3][%mdl 32]} Bb7 18. Qc2 e5 19. d5 c5 ({Black should try} 19... c6 $14) 20. e4 $16 Rfe8 21. Bd3 Nf8 22. Nf1 g5 (22... N8h7 $14) 23. Ne3 {Strongly threatening Nf5.} Bc8 24. f3 Nh5 25. Kf2 Qf6 26. Rh1 g4 {[#]} (26... Bh3 $16 {is a better defense.}) 27. Be2 (27. f4 $1 $18 {[%mdl 512]}) 27... Nh7 28. h4 ({White should play} 28. Raf1 $1 $16) 28... gxf3 (28... gxh3 $11 {and Black stays safe.} 29. Rag1 Ng5) 29. Bxf3 $18 Qg6 (29... a4 $16) 30. Rag1 $1 N7f6 {[#]} (30... Kf8 {might work better.} 31. Nf5 Ng7) 31. Qe2 $2 (31. g4 $1 $18 {[%cal Rg4h5]} Nf4 32. g5) 31... Ng7 (31... a4 $16) 32. Qd3 $2 ({Better is} 32. g4 $18) 32... h5 $1 $11 33. Rf1 $36 {[%mdl 2048] White has good play.} Ng4+ 34. Bxg4 Bxg4 35. Kg2 Rf8 36. Nxg4 hxg4 $2 {[%mdl 8192] [#]} (36... Qxg4 $11 37. Rf6 Ne8) 37. h5 $1 $18 {[%cal Rh5g6]} Nxh5 (37... Qh7 {was called for.} 38. Rh4 a4 39. bxa4 (39. h6 Ne8 $18) 39... Kh8) 38. Bc1 f6 39. Rf5 Ng7 40. Rh6 {[%cal Bh1h6,Bh6g6,Bg6g5][%mdl 32]} Qe8 41. Rf1 a4 42. Qe2 Qd7 43. bxa4 f5 (43... Rxa4 $142 44. Rfxf6 (44. Rhxf6 Rxf6 45. Rxf6 Ra8 $18) 44... Rxf6 45. Rxf6 Ra8) 44. Rg6 Kh7 45. Rg5 f4 46. gxf4 exf4 47. Bxf4 Kg8 48. e5 Qe7 49. Rxg4 Rf5 50. Bh6 Rxe5 51. Qf3 Re2+ 52. Kh1 (52. Kh3 $142 Re3 53. Bxe3 Kh7 54. Rfg1 Qd7 55. Qf6 Ra7 56. Kh2 Qe7 57. Rxg7+ Qxg7 58. Rxg7+ Rxg7 59. Qxd6) 52... Qe5 53. Rxg7+ Kh8 {[#]} 54. Qf8+ $1 {Precision: White = 56%, Black = 38%.} 1-0